Heinle's basic newbury house dictionary of American English
Dictionary helps beginning and intermediate students build their vocabulary and make the transition from bilingual and picture dictionaries to more comprehensive dictionaries.
Đã lưu trong:
| Príomhúdar: | |
|---|---|
| Formáid: | Leabhar |
| Teanga: | Undetermined |
| Foilsithe: |
Australia
Thomson
2004
|
| Ábhair: | |
| Clibeanna: |
Cuir Clib Leis
Gan Chlibeanna, Bí ar an gcéad duine leis an taifead seo a chlibeáil!
|
| Thư viện lưu trữ: | Trung tâm Học liệu Trường Đại học Cần Thơ |
|---|
| LEADER | 00837nam a2200229Ia 4500 | ||
|---|---|---|---|
| 001 | CTU_94295 | ||
| 008 | 210402s9999 xx 000 0 und d | ||
| 020 | |c 223000 | ||
| 082 | |a 423 | ||
| 082 | |b A425 | ||
| 100 | |a Allen, Monroe | ||
| 245 | 0 | |a Heinle's basic newbury house dictionary of American English | |
| 245 | 0 | |c Monroe Allen | |
| 260 | |a Australia | ||
| 260 | |b Thomson | ||
| 260 | |c 2004 | ||
| 520 | |a Dictionary helps beginning and intermediate students build their vocabulary and make the transition from bilingual and picture dictionaries to more comprehensive dictionaries. | ||
| 650 | |a English language,English language,Dictionaries | ||
| 650 | |x Dictionaries,Textbooks for foreign speakers | ||
| 650 | |z United States,Americanisms | ||
| 904 | |i Hiếu | ||
| 980 | |a Trung tâm Học liệu Trường Đại học Cần Thơ | ||